00000000nas 2200000zi 4500
0019.955977
003CaOODSP
00520251006141533
006m     o  d f      
007cr cn ||||||||
008251006c20309999mbcar p o    f0### 0fre|d
040 |aCaOODSP|bfre|erda|cCaOODSP
043 |an-cn---
0861 |aCC192-3F-PDF
1102 |aOffice de commercialisation du poisson d'eau douce (Canada)|eauteur, |eorganisme de publication.
24510|aPlan d'entreprise de ... / |cOffice de commercialisation du poisson d'eau douce.
24617|aOffice de commercialisation du poisson d'eau douce - plan d'entreprise de ...
264 1|a[Winnipeg] : |bOffice de commercialisation du poisson d'eau douce, |c[2025]-
310 |aAnnuel
336 |atexte|btxt|2rdacontent/fre
337 |ainformatique|bc|2rdamedia/fre
338 |aressource en ligne|bcr|2rdacarrier/fre
3621 |aParaît depuis : l'exercice 2025/2026 à l'exercice 2029/2030.
500 |aPublié aussi en anglais sous le titre : Corporate plan.
515 |aL'année d'activité se termine le 30 avril.
588 |aDescription d'après : l'exercice 2025/2026 à l'exercice 2029/2030; titre de la page couverture du fichier PDF.
588 |aDernière livraison consultée : l'exercice 2025/2026 à l'exercice 2029/2030.
61026|aOffice de commercialisation du poisson d'eau douce (Canada)|xPlanification|vPériodiques.
650 6|aPêches|xMarketing|zCanada|vPériodiques.
655 7|aPériodiques|2rvmgf
77508|tCorporate plan / |w(CaOODSP)9.936896
78000|tPlan d'affaires de ... / |w(CaOODSP)9.936909